00445 a2200109 4500001000900000005001700009008004100026245014200067100002900209700002700238773007000265ART_918920260410161558.0260409a 10aModificaciones propuestas al Estándar/Norma Internacional de Educación 5 (IES 5). Requerimiento de experiencia práctica de la IAESB1 aSubelet, María Cecilia1 aSubelet, Carlos Javier0 tProfesional & Empresariag- Año XII, Nº 146 (nov. 2011)wREV70